| 000 | 00969nam a2200229Ia 4500 | ||
|---|---|---|---|
| 001 | L230-5616 | ||
| 003 | IT-CnALBA | ||
| 008 | 170116s9999||||xx |||||||||||||| ||und|| | ||
| 040 |
_aIT-CnALBA _cIT-CnALBA |
||
| 041 | _aFRANCESE | ||
| 100 | _aRONDET HENRI. SJ. | ||
| 245 | 0 | _aGRATIA CHRISTI. | |
| 250 | _a1a ed. | ||
| 260 |
_a PARIS _bBEAUCHESNE GABR. E F. EDIT. _c1948 [1° Ed.:1948 - Ed.Ling.Originale: 1948] |
||
| 300 | _a394 p. | ||
| 500 | _aDOGMA E TEOLOGIA DOGMATICA. TEOLOGIA DELLA GRAZIA. L'ORIGINE. LA TRADIZIONE. TEOLOGIA MEDIEVALE. EPOCA MODERNA. INDICE ONOMASTICO. INDICE TEOLOGICO. | ||
| 501 | _aSocietà San Paolo EM - Piazza San Paolo, 14 - 12051 ALBA (CN) (non commercial uses only) ® Copyright 2017 | ||
| 520 | _aDOGMA E TEOLOGIA DOGMATICA. TEOLOGIA DELLA GRAZIA. L'ORIGINE. LA TRADIZIONE. TEOLOGIA MEDIEVALE. EPOCA MODERNA. INDICE ONOMASTICO. INDICE TEOLOGICO. | ||
| 650 | _aDOGMATICA CRISTIANA | ||
| 942 | _cBK | ||
| 957 | _71 | ||
| 999 |
_a6595 _bSI _g Copie: 1 _c264802 _d264802 |
||